Indias Communication Revolution (Record no. 225208)
[ view plain ]
| 000 -LEADER | |
|---|---|
| fixed length control field | 00638nam a22002057a 4500 |
| 005 - DATE AND TIME OF LATEST TRANSACTION | |
| control field | 20221118140703.0 |
| 008 - FIXED-LENGTH DATA ELEMENTS--GENERAL INFORMATION | |
| fixed length control field | 221118b ||||| |||| 00| 0 eng d |
| 020 ## - INTERNATIONAL STANDARD BOOK NUMBER | |
| International Standard Book Number | 0761994726 |
| 040 ## - CATALOGING SOURCE | |
| Transcribing agency | AL |
| 041 ## - LANGUAGE CODE | |
| Language code of text/sound track or separate title | eng |
| 082 ## - DEWEY DECIMAL CLASSIFICATION NUMBER | |
| Edition number | 23 |
| Classification number | 302.20954 |
| Item number | SINA |
| 100 ## - MAIN ENTRY--PERSONAL NAME | |
| Personal name | Arvind Singhal |
| 9 (RLIN) | 62644 |
| 245 ## - TITLE STATEMENT | |
| Title | Indias Communication Revolution |
| Remainder of title | From bullock carts to cyber marts. |
| 260 ## - PUBLICATION, DISTRIBUTION, ETC. | |
| Place of publication, distribution, etc. | New Delhi |
| Name of publisher, distributor, etc. | Sage Publications |
| Date of publication, distribution, etc. | 2001 |
| 300 ## - PHYSICAL DESCRIPTION | |
| Extent | 297p. |
| Other physical details | PB |
| Dimensions | 21.5x14cm. |
| 365 ## - TRADE PRICE | |
| Source of price type code | General |
| Price type code | 8899 |
| Price amount | ₹395.00 |
| Currency code | ₹ |
| Unit of pricing | ₹420.00 |
| Price effective from | 07/10/2008 |
| 650 ## - SUBJECT ADDED ENTRY--TOPICAL TERM | |
| Source of heading or term | Communication |
| Topical term or geographic name entry element | Communication |
| 9 (RLIN) | 62645 |
| 700 ## - ADDED ENTRY--PERSONAL NAME | |
| Personal name | Rogers Everett M. |
| 9 (RLIN) | 62646 |
| 942 ## - ADDED ENTRY ELEMENTS (KOHA) | |
| Source of classification or shelving scheme | Dewey Decimal Classification |
| Koha item type | Book |
| Withdrawn status | Lost status | Source of classification or shelving scheme | Damaged status | Not for loan | Collection code | Home library | Current library | Date acquired | Source of acquisition | Cost, normal purchase price | Total Checkouts | Full call number | Barcode | Date last seen | Cost, replacement price | Price effective from | Koha item type |
|---|---|---|---|---|---|---|---|---|---|---|---|---|---|---|---|---|---|
| Dewey Decimal Classification | MAJMC | St Aloysius PG Library | St Aloysius PG Library | 10/10/2008 | Athulya Books | 395.00 | 302.20954 SINA | PG002793 | 11/18/2022 | 420.00 | 07/10/2008 | Book |